Peligro en el SIES
Saved in:
| Hovedforfatter: | |
|---|---|
| Format: | Bog |
| Sprog: | spansk |
| Udgivet: |
Santiago
Centro de Estudios Públicos
2002
|
| Serier: | Serie Documentos de Trabajo, 332
|
| Fag: | |
| Tags: |
Tilføj Tag
Ingen Tags, Vær først til at tagge denne postø!
|
MARC
| LEADER | 00000nam a2200000 a 4500 | ||
|---|---|---|---|
| 001 | UCM8244 | ||
| 003 | CL-VaPUC | ||
| 008 | 030228e20020000CL |||||||||||||||||spa|d | ||
| 082 | 0 | 4 | |a 371.262 |b FON |2 21 |
| 100 | 0 | |a Fontaine Talavera, Arturo |e author |9 474242 | |
| 245 | 1 | 0 | |a Peligro en el SIES |
| 300 | |a 26 p | ||
| 942 | |c BK | ||
| 945 | |d 20030228 00:00:00 |a cmena | ||
| 260 | |a Santiago |b Centro de Estudios Públicos |c 2002 | ||
| 650 | 7 | |a PRACTICA DE PRUEBAS EDUCACIONALES |2 CL-VaPUC |9 335463 | |
| 650 | 0 | |a Evaluación de la educación |9 237505 | |
| 650 | 7 | |a PRUEBAS DE APTITUD |2 CL-VaPUC |9 307995 | |
| 650 | 7 | |a SIES |2 CL-VaPUC |9 474243 | |
| 583 | |a last modification |c 20030228 00:00:00 |k Rodrigo Vera | ||
| 490 | 0 | |a Serie Documentos de Trabajo, 332 | |
| 999 | |c 302820 |d 302818 | ||
| 952 | |0 0 |1 0 |4 0 |6 371_262000000000000_FON_2002 |7 0 |8 A |9 363601 |a BIBEDU |b BIBEDU |d 2019-11-21 |i 3880206 |o 371.262 FON 2002 |p 3880206 |r 2019-11-21 |w 2019-11-21 |y BK |k BME | ||